000 00340nam a2200133Ia 4500
005 20260328101523.0
008 260328s9999||||xx |||||||||||||| ||und||
100 _aTan, Soo Hai
245 0 _aPublic and private housing in Malaysia /
_cSoo Hai Tan
260 _bHeinemann
300 _a309 p.
650 _aARQUITECTURA REGIONAL
942 _cBK
999 _c9674
_d9674